banner koha

Osteossarcoma da maxila e seio maxilar em canino [Canis familiaris; Brasil] (Registro n. 106276)

MARC details
000 -LÍDER
campo de controle de tamanho fixo 00957nas a2200289 4500
001 - NÚMERO DE CONTROLE
campo de controle BR8101997
003 - IDENTIFICADOR DO NÚMERO DE CONTROLE
campo de controle BR-BrBNA
005 - DATA E HORÁRIO DA ÚLTIMA TRANSAÇÃO
campo de controle 20231205084621.0
007 - CAMPO FIXO DE DESCRIÇÃO FÍSICA--INFORMAÇÃO GERAL
campo de controle de tamanho fixo ta
008 - CAMPO DE DADOS FIXOS--INFORMAÇÃO GERAL
campo de controle de tamanho fixo 230509b bl.|||p| |||| 00| 00por d
040 ## - FONTE DA CATALOGAÇÃO
Instituição da catalogação original BR-BrBNA
Idioma da catalogação por
Instituição que transcreveu o registro Biblioteca Nacional de Agricultura
041 ## - CÓDIGO DE IDIOMA
Código do idioma do texto/trilha sonora ou título diferente (Pt)
072 ## - CÓDIGO DE CATEGORIA DE ASSUNTO
Código de Categoria de Assunto L73
100 1# - ENTRADA PRINCIPAL--NOME PESSOAL
Nome pessoal Silva, C.F. da
100 1# - ENTRADA PRINCIPAL--NOME PESSOAL
Nome pessoal Raiser, A.G.
100 1# - ENTRADA PRINCIPAL--NOME PESSOAL
Nome pessoal Carvalho, C.B. de
245 1# - TÍTULO
Título Osteossarcoma da maxila e seio maxilar em canino [Canis familiaris; Brasil]
Restante do título Relato de um caso
246 1# - FORMA VARIANTE DO TÍTULO
Título/título abreviado Osteossarcoma in the maxilla and maxillary sinuses in a dog [Canis familiaris; Brazil]
Restante do título [A case report]
650 ## - ASSUNTO--TERMO TÓPICO
Cabeçalho tópico ou nome geográfico Doenca animal
650 ## - ASSUNTO--TERMO TÓPICO
Cabeçalho tópico ou nome geográfico Cao
650 ## - ASSUNTO--TERMO TÓPICO
Cabeçalho tópico ou nome geográfico Osteossarcoma
650 ## - ASSUNTO--TERMO TÓPICO
Cabeçalho tópico ou nome geográfico Tumor maligno
650 ## - ASSUNTO--TERMO TÓPICO
Cabeçalho tópico ou nome geográfico Neoplasia
773 0# - ENTRADA ANALÍTICA
Título Revista do Centro de Ciencias Rurais (Brazil)
ISSN - International Standard Serial Number ISSN 0085-5901
Partes relacionadas (Mar 1980), v. 10(1) p. 9-13
Número de controle do registro BR8101997
909 ## -
-- 202311
-- Lúcia
-- 55
-- Lúcia Elande
942 ## - ELEMENTOS DE ENTRADA ADICIONADOS (KOHA)
Fonte da classificação ou esquema de arquivamento na estante Classificação AGRIS
Ocultar no OPAC Não
Tipo de material Koha Analítica
Exemplares
Situação do descarte Fonte da classificação ou esquema de arquivamento na estante Situação física Não pode ser emprestado Biblioteca de origem Biblioteca atual Localização na estante Enumeração do periódico / cronologia Total de empréstimos Data de último acesso Número do exemplar Tipo de material Koha Fonte de aquisição
  Classificação AGRIS   Consulta local Biblioteca Nacional de Agricultura - Binagri Biblioteca Nacional de Agricultura - Binagri   (Mar 1980), v. 10(1) p. 9-13   29/11/2023 01 Periódicos Portaria Interministerial nº 164/94

BINAGRI

Telefone: (61)3218-2567/2388/3357/2097 - binagri@agro.gov.br

Ministério da Agricultura e Pecuária , Esplanada dos Ministérios, Bloco D, Anexo B, Brasília/DF, CEP: 70.043-900